Illustrated chronology and index / (Record no. 348045)

000 -LEADER
fixed length control field 00743 a2200241 4500
003 - CONTROL NUMBER IDENTIFIER
control field OSt
005 - DATE AND TIME OF LATEST TRANSACTION
control field 20180116182908.0
008 - FIXED-LENGTH DATA ELEMENTS--GENERAL INFORMATION
fixed length control field 160520b xxu||||| |||| 00| 0 eng d
020 ## - INTERNATIONAL STANDARD BOOK NUMBER
International Standard Book Number 080946070X (hardcover)
020 ## - INTERNATIONAL STANDARD BOOK NUMBER
International Standard Book Number 9780809460700 (hardcover)
040 ## - CATALOGING SOURCE
Transcribing agency 0
082 04 - DEWEY DECIMAL CLASSIFICATION NUMBER
Classification number 004 LTB 1989
100 ## - MAIN ENTRY--PERSONAL NAME
Personal name Time life Books
245 10 - TITLE STATEMENT
Title Illustrated chronology and index /
Statement of responsibility, etc. Time-Life Books.
260 ## - PUBLICATION, DISTRIBUTION, ETC.
Place of publication, distribution, etc. [S.l.] :
Name of publisher, distributor, etc. Time Life Medical,
Date of publication, distribution, etc. 1989.
300 ## - PHYSICAL DESCRIPTION
Extent 128 p. ;
Dimensions 28 cm.
Other physical details HB
490 1# - SERIES STATEMENT
Series statement Understanding computers.
520 ## - SUMMARY, ETC.
Summary, etc. book.
700 1# - ADDED ENTRY--PERSONAL NAME
Personal name Books, Time-Life.
830 #0 - SERIES ADDED ENTRY--UNIFORM TITLE
Uniform title Understanding computers.
856 40 - ELECTRONIC LOCATION AND ACCESS
Materials specified Amazon.com
Uniform Resource Identifier <a href="http://www.amazon.com/exec/obidos/ASIN/080946070X/chopaconline-20">http://www.amazon.com/exec/obidos/ASIN/080946070X/chopaconline-20</a>
942 ## - ADDED ENTRY ELEMENTS (KOHA)
Institution code [OBSOLETE] NBS
Koha item type Book
Call number prefix 004 LTB
Source of classification or shelving scheme
Holdings
Withdrawn status Lost status Damaged status Not for loan Permanent Location Current Location Shelving location Date acquired Total Checkouts Full call number Barcode Date last seen Date last checked out Price effective from Koha item type
        Central Library (CL) Central Library (CL) First Floor - Computer Science 08/28/2013 1 004 LTB NBSD-1590 11/22/2017 07/18/2017 08/28/2013 Reference
© 2023 Central Library, National University of Sciences and Technology. All Rights Reserved.